[Event "Torneo Zonal FIDE 2.5 Masculino 2011"]
[Site "Asuncion PAR"]
[Date "2011.05.21"]
[Round "6.6"]
[White "Toniutti, Ezio"]
[Black "Rodriguez Vila, Andres"]
[Result "1/2-1/2"]
[WhiteElo "2133"]
[BlackElo "2527"]
[PlyCount "71"]
[EventDate "2011.05.16"]
[EventType "swiss"]
[EventRounds "9"]
[EventCountry "PAR"]
[Source "lmi"]
[SourceDate "2011.05.16"]

1. d4 f5 2. g3 Nf6 3. Bg2 g6 4. Nf3 Bg7 5. b3 O-O 6. O-O a5 7. c4 a4 8. b4 d5
9. Qc2 Kh8 10. Rd1 c6 11. Na3 Be6 12. Rb1 Nbd7 13. b5 Qc8 14. bxc6 bxc6 15. Rb4
Qa6 16. Bf4 dxc4 17. Ne5 Nd5 18. Rxc4 Nxf4 19. Rxc6 Qxe2 20. gxf4 Qxc2 21. Nxc2
Nxe5 22. Rxe6 Rac8 23. dxe5 Rxc2 24. Rxe7 Rb8 25. Bd5 Bf8 26. Rf7 Bc5 27. Bb7
Rxf2 28. Kh1 Rf8 29. Rc7 Bb6 30. Rc6 Ba5 31. Rd7 Rxa2 32. Rf6 Bb4 33. Rb6 Rd2
34. e6 Rxd7 35. exd7 Be7 36. Re6 1/2-1/2

[Event "Torneo Zonal FIDE 2.5 Masculino 2011"]
[Site "Asuncion PAR"]
[Date "2011.05.21"]
[Round "6.7"]
[White "Jodorcovsky Werjivker, Paulo"]
[Black "Valdes Escobar, Alvaro"]
[Result "1/2-1/2"]
[WhiteElo "2182"]
[BlackElo "2419"]
[PlyCount "42"]
[EventDate "2011.05.16"]
[EventType "swiss"]
[EventRounds "9"]
[EventCountry "PAR"]
[Source "lmi"]
[SourceDate "2011.05.16"]

1. e4 c5 2. Nf3 d6 3. Bb5+ Nd7 4. c3 Ngf6 5. Qe2 e6 6. d4 cxd4 7. cxd4 d5 8. e5
Ne4 9. Nbd2 Nxd2 10. Bxd2 Be7 11. O-O O-O 12. Rfe1 a5 13. Rac1 Nb6 14. a3 Bd7
15. Bd3 Na4 16. Rc2 Nb6 17. Rec1 Ra7 18. Qe1 Na8 19. Qe2 Nb6 20. Qe1 Na8 21.
Qe2 Nb6 1/2-1/2

[Event "Torneo Zonal FIDE 2.5 Masculino 2011"]
[Site "Asuncion PAR"]
[Date "2011.05.21"]
[Round "6.8"]
[White "Hobaica, Juan Pablo"]
[Black "Latorre, Matias"]
[Result "0-1"]
[WhiteElo "2407"]
[BlackElo "2197"]
[PlyCount "52"]
[EventDate "2011.05.16"]
[EventType "swiss"]
[EventRounds "9"]
[EventCountry "PAR"]
[Source "lmi"]
[SourceDate "2011.05.16"]

1. d4 Nf6 2. c4 g6 3. Nc3 Bg7 4. e4 d6 5. f3 O-O 6. Be3 c5 7. dxc5 dxc5 8. Qxd8
Rxd8 9. Bxc5 Nc6 10. Nd5 Nxd5 11. cxd5 Bxb2 12. Rb1 Bc3+ 13. Ke2 b6 14. Ba3 e5
15. Kd1 Nd4 16. Rc1 Ba5 17. Ne2 Nf5 18. exf5 Rxd5+ 19. Kc2 Bxf5+ 20. Kb2 Bd2
21. Nc3 Bxc1+ 22. Kxc1 Rc8 23. Bb2 b5 24. g4 b4 25. gxf5 bxc3 26. Ba1 Ra5 0-1

[Event "Torneo Zonal FIDE 2.5 Masculino 2011"]
[Site "Asuncion PAR"]
[Date "2011.05.21"]
[Round "6.9"]
[White "Lujan, Carolina"]
[Black "Mesias Rojas, Rabindranath"]
[Result "1/2-1/2"]
[WhiteElo "2353"]
[BlackElo "2205"]
[PlyCount "124"]
[EventDate "2011.05.16"]
[EventType "swiss"]
[EventRounds "9"]
[EventCountry "PAR"]
[Source "lmi"]
[SourceDate "2011.05.16"]

1. e4 c5 2. Nc3 a6 3. g3 b5 4. Bg2 Bb7 5. Nge2 e6 6. O-O Qb6 7. d3 Nf6 8. h3
Nc6 9. Be3 Nd4 10. Qd2 Be7 11. g4 d6 12. Ng3 h5 13. g5 Nd7 14. f4 h4 15. Nh1 b4
16. Ne2 e5 17. f5 a5 18. c3 Nc6 19. a4 Ba6 20. Qc2 Rb8 21. Rab1 Qd8 22. g6 Bg5
23. gxf7+ Kxf7 24. Qd2 Rh5 25. Nf2 Bxe3 26. Qxe3 Qg5 27. Qf3 Rhh8 28. Kh1 bxc3
29. bxc3 Rxb1 30. Rxb1 Rb8 31. Rg1 Nf6 32. Bf1 Qh6 33. Ng4 Nxg4 34. Rxg4 Ne7
35. d4 Rb1 36. dxe5 dxe5 37. Rg1 Kf8 38. Qf2 Bd3 39. Qxc5 Bxe4+ 40. Kh2 Bxf5
41. Qxe5 Qf6 42. Qc7 Qb6 43. Qf4 Qb8 44. Qxb8+ Rxb8 45. Nd4 Rb2+ 46. Rg2 Rxg2+
47. Kxg2 Bd7 48. Bb5 Bxb5 49. axb5 Nd5 50. Kf3 Nb6 51. Ke4 a4 52. Kd3 Ke7 53.
c4 Kd6 54. Kc3 a3 55. Kb4 a2 56. c5+ Kd5 57. Nb3 Nc8 58. b6 Ne7 59. Ka3 g5 60.
Kxa2 Nc6 61. b7 Nb8 62. Nd2 Kxc5 1/2-1/2

[Event "Torneo Zonal FIDE 2.5 Masculino 2011"]
[Site "Asuncion PAR"]
[Date "2011.05.21"]
[Round "6.10"]
[White "Sabas, Jorge"]
[Black "Vazquez, Guilermo"]
[Result "1-0"]
[WhiteElo "2267"]
[BlackElo "2199"]
[PlyCount "57"]
[EventDate "2011.05.16"]
[EventType "swiss"]
[EventRounds "9"]
[EventCountry "PAR"]
[Source "lmi"]
[SourceDate "2011.05.16"]

1. d4 Nf6 2. c4 g6 3. Nc3 Bg7 4. e4 d6 5. Be2 O-O 6. Nf3 c5 7. d5 e6 8. Bf4
exd5 9. cxd5 Re8 10. Nd2 b6 11. Qa4 a6 12. O-O Bb7 13. Qc2 b5 14. a4 b4 15. Nd1
Nxd5 16. exd5 Rxe2 17. Ne3 Qf6 18. Qe4 Nd7 19. Ndc4 Qd4 20. Qf3 Rxb2 21. Rad1
Qf6 22. Nxb2 Qxb2 23. Nc4 Qc3 24. Nxd6 Qxf3 25. gxf3 Rb8 26. Rfe1 Bf8 27. Nc4
Rc8 28. a5 Nf6 29. Nb6 1-0

[Event "Torneo Zonal FIDE 2.5 Masculino 2011"]
[Site "Asuncion PAR"]
[Date "2011.05.21"]
[Round "6.11"]
[White "Jimenez, Joaquin"]
[Black "Richter Becerra, Hans"]
[Result "0-1"]
[WhiteElo "2224"]
[BlackElo "2148"]
[PlyCount "80"]
[EventDate "2011.05.16"]
[EventType "swiss"]
[EventRounds "9"]
[EventCountry "PAR"]
[Source "lmi"]
[SourceDate "2011.05.16"]

1. e4 e5 2. f4 exf4 3. Nf3 d5 4. exd5 Nf6 5. Bc4 Bd6 6. O-O O-O 7. d4 Bg4 8.
Bb3 c6 9. c4 cxd5 10. cxd5 Nbd7 11. Nc3 Nb6 12. Qd3 Bxf3 13. Qxf3 Bc7 14. Bd2
Qd7 15. Rac1 Rad8 16. Be1 h6 17. Bh4 g5 18. Bf2 Bb8 19. Qd3 Nbxd5 20. Nxd5 Nxd5
21. Rc5 Ne7 22. Re1 Kg7 23. d5 Ng6 24. Rc2 Rfe8 25. Bd4+ Ne5 26. Rce2 f6 27.
Bxe5 Rxe5 28. Bc2 Kg8 29. Rxe5 Bxe5 30. Qg6+ Qg7 31. Qh5 Qc7 32. Bf5 Qc5+ 33.
Kh1 Qxd5 34. Qg6+ Kf8 35. Qxh6+ Ke7 36. b3 f3 37. Qh7+ Kd6 38. Bh3 g4 39. gxf3
gxh3 40. Qxh3 Rh8 0-1

[Event "Torneo Zonal FIDE 2.5 Masculino 2011"]
[Site "Asuncion PAR"]
[Date "2011.05.21"]
[Round "6.13"]
[White "Kropff, Ricardo"]
[Black "Torres, Mauricio"]
[Result "1-0"]
[WhiteElo "2298"]
[BlackElo "1724"]
[PlyCount "73"]
[EventDate "2011.05.16"]
[EventType "swiss"]
[EventRounds "9"]
[EventCountry "PAR"]
[Source "lmi"]
[SourceDate "2011.05.16"]

1. d4 g6 2. e4 Bg7 3. c3 d6 4. Bg5 Nf6 5. Nd2 O-O 6. Ngf3 h6 7. Bh4 c5 8. dxc5
dxc5 9. Bc4 Nc6 10. O-O Bg4 11. Qc2 Nd7 12. h3 Bxf3 13. Nxf3 Nde5 14. Nxe5 Nxe5
15. Be2 Nc6 16. f4 Qb6 17. Bf2 Rad8 18. e5 Qa5 19. a3 a6 20. b4 cxb4 21. cxb4
Qc7 22. Rac1 Rc8 23. Qe4 Kh7 24. Rc3 Rfd8 25. Rfc1 Rd2 26. Bc4 f5 27. Qe1 Rdd8
28. Be6 Ra8 29. a4 Qb8 30. Rc4 Rf8 31. b5 axb5 32. axb5 Na7 33. Qb4 Qd8 34. Rc7
g5 35. Rd7 Qe8 36. Rxe7 Qxb5 37. Rcc7 1-0

[Event "Torneo Zonal FIDE 2.5 Masculino 2011"]
[Site "Asuncion PAR"]
[Date "2011.05.21"]
[Round "6.14"]
[White "Roman, Rodrigo"]
[Black "Avalos Parra, Joao"]
[Result "1-0"]
[WhiteElo "1986"]
[BlackElo "2251"]
[PlyCount "65"]
[EventDate "2011.05.16"]
[EventType "swiss"]
[EventRounds "9"]
[EventCountry "PAR"]
[Source "lmi"]
[SourceDate "2011.05.16"]

1. d4 d5 2. c4 c6 3. Nf3 Nf6 4. e3 Bf5 5. Nc3 e6 6. Nh4 Be4 7. f3 Bg6 8. Qb3 b5
9. cxb5 Bd6 10. bxc6 Nxc6 11. Bb5 Rc8 12. Qa4 Qb6 13. Qa6 Ke7 14. Qxb6 axb6 15.
Bxc6 Rxc6 16. Nxg6+ hxg6 17. h3 Bg3+ 18. Ke2 Rd8 19. Bd2 e5 20. Rac1 Kf8 21.
Nxd5 Rxc1 22. Bb4+ Kg8 23. Nxf6+ gxf6 24. Rxc1 exd4 25. Rd1 Ra8 26. exd4 Rd8
27. Kd3 f5 28. a4 Kg7 29. Rc1 Be5 30. Rc4 Bf6 31. Bc3 Rd6 32. b4 Kh6 33. b5 1-0

[Event "Torneo Zonal FIDE 2.5 Masculino 2011"]
[Site "Asuncion PAR"]
[Date "2011.05.21"]
[Round "6.15"]
[White "Daneri, Martin"]
[Black "Lipiniks, Leonardo"]
[Result "1-0"]
[WhiteElo "2095"]
[BlackElo "1852"]
[PlyCount "83"]
[EventDate "2011.05.16"]
[EventType "swiss"]
[EventRounds "9"]
[EventCountry "PAR"]
[Source "lmi"]
[SourceDate "2011.05.16"]

1. d4 d5 2. Nf3 Nf6 3. Bf4 e6 4. Nbd2 c5 5. c3 Nc6 6. e3 b6 7. Bb5 Bd7 8. Bd3
Be7 9. h4 Nh5 10. Be5 f5 11. Qe2 Nf6 12. O-O-O c4 13. Bc2 b5 14. Rdg1 a5 15.
Ng5 b4 16. Nb1 O-O 17. Bxf6 Bxf6 18. g4 Qe7 19. gxf5 Bxg5 20. Rxg5 exf5 21. Qf3
Qe6 22. Rhg1 g6 23. h5 Ne7 24. Qf4 Rac8 25. Nd2 bxc3 26. bxc3 Kf7 27. Nf3 Ke8
28. Ne5 Qd6 29. hxg6 hxg6 30. Nxg6 Qxf4 31. Nxf4 a4 32. Kb2 a3+ 33. Kxa3 Ra8+
34. Kb2 Ba4 35. Bxa4+ Rxa4 36. Rg7 Ra5 37. R1g5 Rf6 38. a4 Rb6+ 39. Kc2 Rxa4
40. Rxe7+ Kxe7 41. Nxd5+ Kf8 42. Rxf5+ 1-0

[Event "Torneo Zonal FIDE 2.5 Masculino 2011"]
[Site "Asuncion PAR"]
[Date "2011.05.21"]
[Round "6.16"]
[White "Gamarra, Ramon"]
[Black "Goiriz, Y Damian"]
[Result "0-1"]
[WhiteElo "2009"]
[BlackElo "2093"]
[PlyCount "76"]
[EventDate "2011.05.16"]
[EventType "swiss"]
[EventRounds "9"]
[EventCountry "PAR"]
[Source "lmi"]
[SourceDate "2011.05.16"]

1. e4 e6 2. d4 d5 3. e5 b6 4. f4 Qd7 5. Nd2 Ba6 6. Ne2 c5 7. c3 h5 8. Nf3 Nh6
9. Ng3 Bxf1 10. Rxf1 g6 11. h3 Be7 12. Qd3 Nc6 13. Be3 cxd4 14. Bxd4 h4 15. Ne2
Nf5 16. b4 Ncxd4 17. Nfxd4 Qa4 18. Kf2 Rc8 19. Rfc1 Rc4 20. Nb3 Qa3 21. Kg1 O-O
22. Rc2 Rfc8 23. Rac1 a5 24. Nd2 R4c7 25. Nb1 Qa4 26. a3 axb4 27. axb4 Bxb4 28.
Kh2 Bc5 29. Re1 Ng3 30. Nxg3 Qxf4 31. Rce2 Bf2 32. Rd1 Qxg3+ 33. Kh1 d4 34. Qe4
dxc3 35. Rd3 c2 36. Rxc2 Rxc2 37. Rd8+ Rxd8 38. Qxc2 Be3 0-1

[Event "Torneo Zonal FIDE 2.5 Masculino 2011"]
[Site "Asuncion PAR"]
[Date "2011.05.21"]
[Round "6.17"]
[White "Florentin, Damaso"]
[Black "Saldana, Fernando Javier"]
[Result "1-0"]
[WhiteElo "1743"]
[BlackElo "1742"]
[PlyCount "105"]
[EventDate "2011.05.16"]
[EventType "swiss"]
[EventRounds "9"]
[EventCountry "PAR"]
[Source "lmi"]
[SourceDate "2011.05.16"]

1. e4 c5 2. Ne2 d6 3. c3 e5 4. d3 f5 5. Ng3 f4 6. Ne2 Nf6 7. Qb3 Nc6 8. Nd2 Qe7
9. Nf3 Be6 10. Qc2 Rc8 11. a3 Qd7 12. g3 fxg3 13. Nxg3 a6 14. Ng5 Bg8 15. Be3
h6 16. Nf3 b5 17. Bg2 Bf7 18. Nh4 Nh5 19. Qd2 g5 20. Nhf5 Nf4 21. Bf3 Ne7 22.
Bg4 Be6 23. Bxf4 gxf4 24. Nh5 Kf7 25. Nxe7 Bxe7 26. f3 Bh4+ 27. Ke2 Rhg8 28.
Rac1 Rg5 29. Rcg1 Rcg8 30. h3 Qe7 31. d4 Ke8 32. Rd1 Bf7 33. dxc5 Bxh5 34. cxd6
Qd8 35. Qd5 Bf7 36. Qc6+ Kf8 37. Rd3 h5 38. Qc7 R5g7 39. Qc5 hxg4 40. hxg4 Bf6
41. d7+ Be7 42. Qxe5 Rg6 43. Qxf4 Bg5 44. Qg3 Rf6 45. Qe5 Rc6 46. Qf5 Rf6 47.
Qc5+ Kg7 48. Qxg5+ Bg6 49. Qe5 Kf7 50. Rh6 Kg7 51. Rd4 Qb6 52. g5 Qc6 53. d8=Q
1-0

[Event "Torneo Zonal FIDE 2.5 Masculino 2011"]
[Site "Asuncion PAR"]
[Date "2011.05.22"]
[Round "7.1"]
[White "Pierrot, Facundo"]
[Black "Cubas, Jose Fernando"]
[Result "1/2-1/2"]
[WhiteElo "2449"]
[BlackElo "2505"]
[PlyCount "120"]
[EventDate "2011.05.16"]
[EventType "swiss"]
[EventRounds "9"]
[EventCountry "PAR"]
[Source "lmi"]
[SourceDate "2011.05.16"]

1. e4 e6 2. d4 d5 3. Nd2 Nf6 4. e5 Nfd7 5. Bd3 c5 6. c3 Nc6 7. Ne2 cxd4 8. cxd4
f6 9. exf6 Nxf6 10. Nf3 Bd6 11. O-O Qc7 12. g3 O-O 13. Bf4 Bd7 14. Rc1 Ng4 15.
Qd2 Rf6 16. h3 e5 17. dxe5 Ngxe5 18. Nxe5 Bxe5 19. Bb5 Qd6 20. Rfd1 Bxh3 21.
Qxd5+ Qxd5 22. Rxd5 Bxb2 23. Rb1 Ba3 24. Bg5 Rf7 25. Nf4 Bf5 26. Rb3 Be4 27.
Bc4 Bxd5 28. Bxd5 Bb4 29. Nd3 a5 30. Nxb4 axb4 31. Rf3 Ne5 32. Rf5 Re8 33. Bf4
Kf8 34. Rxe5 Rxe5 35. Bxe5 Rd7 36. Bb3 g5 37. Kg2 g4 38. Kf1 b5 39. Bf4 Kg7 40.
Be6 Ra7 41. Bd2 Kf6 42. Bb3 Ke5 43. Bxb4 Kd4 44. Ke2 h5 45. a3 Rh7 46. Bc2 Rh6
47. Bd3 Rb6 48. Kd2 Kd5 49. Ke3 Re6+ 50. Kf4 Kd4 51. Kf5 Re5+ 52. Kf6 h4 53.
gxh4 Rh5 54. Bg6 Rxh4 55. Bd6 Kd5 56. Bg3 Rh8 57. Bd3 Kc5 58. Bf4 Ra8 59. Be3+
Kd5 60. Bxb5 Rxa3 1/2-1/2

[Event "Torneo Zonal FIDE 2.5 Masculino 2011"]
[Site "Asuncion PAR"]
[Date "2011.05.22"]
[Round "7.2"]
[White "Mareco, Sandro"]
[Black "Flores, Diego"]
[Result "1/2-1/2"]
[WhiteElo "2591"]
[BlackElo "2611"]
[PlyCount "66"]
[EventDate "2011.05.16"]
[EventType "swiss"]
[EventRounds "9"]
[EventCountry "PAR"]
[Source "lmi"]
[SourceDate "2011.05.16"]

1. d4 d5 2. c4 dxc4 3. Nf3 Nf6 4. e3 e6 5. Bxc4 c5 6. O-O a6 7. Bb3 Nc6 8. Nc3
Be7 9. dxc5 Qxd1 10. Rxd1 Bxc5 11. Ng5 Ke7 12. Nce4 Nxe4 13. Nxe4 Bb6 14. Bd2
Bd7 15. Rac1 Rhd8 16. Ba4 f6 17. Nc5 Bxc5 18. Rxc5 e5 19. f3 Rac8 20. a3 Be6
21. Be1 b5 22. Rxd8 Nxd8 23. Rxc8 Bxc8 24. Bc2 h6 25. Bb4+ Kf7 26. Kf2 Nc6 27.
Bc3 Be6 28. Be4 Ne7 29. Ke2 Bf5 30. Ba8 Be6 31. Be4 Bf5 32. Ba8 Be6 33. e4 Bd7
1/2-1/2

[Event "Torneo Zonal FIDE 2.5 Masculino 2011"]
[Site "Asuncion PAR"]
[Date "2011.05.22"]
[Round "7.3"]
[White "Mayorga, Nicolas"]
[Black "Felgaer, Ruben"]
[Result "1/2-1/2"]
[WhiteElo "2293"]
[BlackElo "2570"]
[PlyCount "75"]
[EventDate "2011.05.16"]
[EventType "swiss"]
[EventRounds "9"]
[EventCountry "PAR"]
[Source "lmi"]
[SourceDate "2011.05.16"]

1. d4 d5 2. c4 Bf5 3. cxd5 Bxb1 4. Qa4+ c6 5. Rxb1 Qxd5 6. Nf3 Nd7 7. e3 e6 8.
a3 Ngf6 9. Qc2 Bd6 10. Bd3 e5 11. Bc4 Qa5+ 12. Bd2 Qc7 13. dxe5 Nxe5 14. Nxe5
Bxe5 15. h3 O-O 16. O-O Rfe8 17. Rfd1 b5 18. Be2 Rac8 19. Rbc1 a6 20. Bb4 a5
21. Bc5 Ne4 22. Bg4 Rcd8 23. Rxd8 Qxd8 24. Rd1 Qh4 25. Bd4 c5 26. Bxe5 Rxe5 27.
Bf3 g6 28. Bxe4 Qxe4 29. Rd8+ Kg7 30. Qd2 Rg5 31. g3 Rf5 32. Qc3+ Kh6 33. f4
Kh5 34. Qe1 Rd5 35. Rxd5+ Qxd5 36. Qxa5 Qd1+ 37. Kf2 Qc2+ 38. Kf3 1/2-1/2

[Event "Torneo Zonal FIDE 2.5 Masculino 2011"]
[Site "Asuncion PAR"]
[Date "2011.05.22"]
[Round "7.4"]
[White "Bachmann, Axel"]
[Black "Lemos, Damian"]
[Result "1/2-1/2"]
[WhiteElo "2551"]
[BlackElo "2550"]
[PlyCount "117"]
[EventDate "2011.05.16"]
[EventType "swiss"]
[EventRounds "9"]
[EventCountry "PAR"]
[Source "lmi"]
[SourceDate "2011.05.16"]

1. c4 Nf6 2. Nc3 g6 3. g3 Bg7 4. Bg2 O-O 5. d3 d6 6. Rb1 a5 7. a3 Nc6 8. b4
axb4 9. axb4 Nd7 10. Bd2 Nde5 11. Nh3 Bg4 12. f3 Bxh3 13. Bxh3 h5 14. O-O e6
15. Bg2 d5 16. cxd5 exd5 17. f4 Ng4 18. Nxd5 Ne7 19. Nxe7+ Qxe7 20. Bxb7 Ra2
21. Bd5 Ne3 22. Bxe3 Qxe3+ 23. Rf2 Rd2 24. Qe1 Bc3 25. Kg2 Rd8 26. Bf3 h4 27.
Rf1 R8xd3 28. Qf2 Qe6 29. exd3 Qe3 30. gxh4 Qxd3 31. Rbd1 Rxf2+ 32. Rxf2 Qf5
33. h5 gxh5 34. Rd5 Qxf4 35. Rxh5 Bd4 36. Re2 Qc1 37. Re4 Qg1+ 38. Kh3 Qf1+ 39.
Kg4 Bf6 40. Rd5 Qf2 41. Rh5 Qg1+ 42. Kh3 Qf1+ 43. Kg4 Qg1+ 44. Kf5 Qg6+ 45. Kf4
Qg1 46. b5 Kf8 47. Re2 Bd4 48. Ke4 Bf6 49. Rd5 Be7 50. Rh5 Qg6+ 51. Ke3 Qg1+
52. Ke4 Qg6+ 53. Ke3 Qg1+ 54. Ke4 Qb1+ 55. Kf4 Qg6 56. Rh8+ Kg7 57. Rg2 Qxg2
58. Bxg2 Kxh8 59. h4 1/2-1/2

[Event "Torneo Zonal FIDE 2.5 Masculino 2011"]
[Site "Asuncion PAR"]
[Date "2011.05.22"]
[Round "7.5"]
[White "Latorre, Matias"]
[Black "Rodriguez Vila, Andres"]
[Result "1/2-1/2"]
[WhiteElo "2197"]
[BlackElo "2527"]
[PlyCount "141"]
[EventDate "2011.05.16"]
[EventType "swiss"]
[EventRounds "9"]
[EventCountry "PAR"]
[Source "lmi"]
[SourceDate "2011.05.16"]

1. d4 f5 2. Nf3 Nf6 3. g3 g6 4. Bg2 Bg7 5. O-O O-O 6. b3 c6 7. Nbd2 a5 8. c4
Na6 9. Ne1 d6 10. Bb2 Qc7 11. Nd3 Nb4 12. Nxb4 axb4 13. Qe1 Ng4 14. e4 f4 15.
Nf3 fxg3 16. fxg3 c5 17. h3 Nh6 18. Qd2 d5 19. cxd5 Qxg3 20. Qf2 Qxf2+ 21. Rxf2
cxd4 22. Rd1 Rxa2 23. Bxd4 Rxf2 24. Kxf2 Nf7 25. Bxg7 Kxg7 26. Ke3 Nd6 27. Rc1
h6 28. Rc7 Re8 29. Nd4 Kf6 30. Nf3 Kg7 31. Nd4 h5 32. Bf1 Kh6 33. e5 Nf5+ 34.
Nxf5+ Bxf5 35. Rxb7 Rc8 36. Rxb4 Rc3+ 37. Kd2 Rc2+ 38. Ke3 Rc3+ 39. Kd2 Rc2+
40. Ke3 Rc3+ 41. Kd4 Rc1 42. Bc4 Bxh3 43. Rb7 h4 44. Rxe7 Bf5 45. Ra7 h3 46.
Ra2 Bc2 47. Bd3 h2 48. Ra8 Bxd3 49. Rh8+ Kg7 50. Rxh2 Rd1 51. e6 Kf6 52. Kc5
Bf5 53. Rh7 g5 54. Rf7+ Kg6 55. Rf8 Re1 56. Kd6 Be4 57. b4 Kg7 58. e7 Bg6 59.
Kd7 g4 60. d6 g3 61. Rf3 g2 62. Rg3 g1=Q 63. Rxg1 Rxg1 64. Kd8 Kf6 65. d7 Ra1
66. e8=N+ Ke6 67. Nc7+ Kd6 68. Nb5+ Ke6 69. Nd4+ Kd6 70. Nb5+ Ke6 71. Nd4+
1/2-1/2

[Event "Torneo Zonal FIDE 2.5 Masculino 2011"]
[Site "Asuncion PAR"]
[Date "2011.05.22"]
[Round "7.6"]
[White "Valdes Escobar, Alvaro"]
[Black "Toniutti, Ezio"]
[Result "1/2-1/2"]
[WhiteElo "2419"]
[BlackElo "2133"]
[PlyCount "60"]
[EventDate "2011.05.16"]
[EventType "swiss"]
[EventRounds "9"]
[EventCountry "PAR"]
[Source "lmi"]
[SourceDate "2011.05.16"]

1. c4 e5 2. g3 Nf6 3. Bg2 d5 4. cxd5 Nxd5 5. Nc3 Nb6 6. Nf3 Nc6 7. O-O Be7 8.
d3 O-O 9. a3 Re8 10. Be3 Bg4 11. Rc1 Rc8 12. Nd2 Qd7 13. Re1 Be6 14. Nce4 Nd4
15. Bxd4 exd4 16. Nb3 c6 17. Nbc5 Bxc5 18. Nxc5 Qc7 19. Nxe6 fxe6 20. Qd2 Nd5
21. Rc4 Qb6 22. Rec1 Rcd8 23. R1c2 e5 24. Qg5 Qb3 25. Rc5 Nc3 26. Qc1 Nd5 27.
R2c4 Nf6 28. Rb4 Qf7 29. Qc4 Qxc4 30. Rcxc4 Re7 1/2-1/2

[Event "Torneo Zonal FIDE 2.5 Masculino 2011"]
[Site "Asuncion PAR"]
[Date "2011.05.22"]
[Round "7.7"]
[White "Larrea, Manuel"]
[Black "Sabas, Jorge"]
[Result "0-1"]
[WhiteElo "2299"]
[BlackElo "2267"]
[PlyCount "78"]
[EventDate "2011.05.16"]
[EventType "swiss"]
[EventRounds "9"]
[EventCountry "PAR"]
[Source "lmi"]
[SourceDate "2011.05.16"]

1. c4 e5 2. Nc3 Nf6 3. g3 Bb4 4. Bg2 O-O 5. Nf3 Re8 6. O-O c6 7. d4 e4 8. Ne1
d5 9. Bg5 Bxc3 10. bxc3 dxc4 11. f3 exf3 12. Nxf3 Nbd7 13. e4 Qa5 14. e5 Nd5
15. Bd2 f6 16. Qc2 fxe5 17. Ng5 N5f6 18. Be4 Nf8 19. Rxf6 gxf6 20. Nxh7 Re6 21.
Rf1 Kg7 22. Nxf8 Kxf8 23. Bg2 Ke8 24. Qg6+ Kd8 25. Bh3 Rd6 26. Rxf6 Rxf6 27.
Qxf6+ Kc7 28. Qe7+ Kb6 29. Bf1 Ka6 30. Bxc4+ b5 31. Bb3 exd4 32. Qc5 Bb7 33.
Qxd4 Rd8 34. Qf2 Qa3 35. Be3 Rf8 36. Qd2 Qe7 37. Qd4 Bc8 38. Qc5 Bh3 39. Qxc6+
Ka5 0-1

[Event "Torneo Zonal FIDE 2.5 Masculino 2011"]
[Site "Asuncion PAR"]
[Date "2011.05.22"]
[Round "7.8"]
[White "Richter Becerra, Hans"]
[Black "Jodorcovsky Werjivker, Paulo"]
[Result "1/2-1/2"]
[WhiteElo "2148"]
[BlackElo "2182"]
[PlyCount "41"]
[EventDate "2011.05.16"]
[EventType "swiss"]
[EventRounds "9"]
[EventCountry "PAR"]
[Source "lmi"]
[SourceDate "2011.05.16"]

1. d4 d5 2. c4 e6 3. Nf3 Nf6 4. Nc3 Bb4 5. Bg5 Nbd7 6. cxd5 exd5 7. Qb3 c5 8.
a3 Bxc3+ 9. Qxc3 Ne4 10. Bxd8 Nxc3 11. Bh4 Ne4 12. dxc5 Ndxc5 13. e3 O-O 14.
Be2 Be6 15. O-O Rfc8 16. Nd4 Nd2 17. Rfe1 Ncb3 18. Rad1 Nxd4 19. Rxd2 Nxe2+ 20.
Rdxe2 Rc4 21. Bg3 1/2-1/2

[Event "Torneo Zonal FIDE 2.5 Masculino 2011"]
[Site "Asuncion PAR"]
[Date "2011.05.22"]
[Round "7.9"]
[White "Kropff, Ricardo"]
[Black "Roselli Mailhe, Bernardo"]
[Result "1-0"]
[WhiteElo "2298"]
[BlackElo "2437"]
[PlyCount "83"]
[EventDate "2011.05.16"]
[EventType "swiss"]
[EventRounds "9"]
[EventCountry "PAR"]
[Source "lmi"]
[SourceDate "2011.05.16"]

1. d4 e6 2. c4 b6 3. e4 Bb7 4. f3 Bb4+ 5. Bd2 Bxd2+ 6. Qxd2 Ne7 7. Nh3 O-O 8.
Nc3 d5 9. Nf2 Nbc6 10. cxd5 exd5 11. Rd1 a6 12. e5 Qd7 13. Be2 Nf5 14. Qf4 f6
15. O-O fxe5 16. dxe5 Nce7 17. Rfe1 c5 18. Bf1 Qe6 19. Qg4 Rad8 20. b3 Kh8 21.
Nh3 Bc8 22. Ng5 Qh6 23. e6 Nd4 24. Na4 Rf5 25. h4 Rdf8 26. Nxb6 Bxe6 27. Rxd4
Bg8 28. Nd7 cxd4 29. Nxf8 Rxf8 30. Rxe7 Qf6 31. Re1 h6 32. Bd3 a5 33. Re2 Qc6
34. Ne6 Rf7 35. Rc2 Qb6 36. Nf4 Rf6 37. Rc8 Qb4 38. Ng6+ Rxg6 39. Bxg6 Qe1+ 40.
Kh2 Qe5+ 41. f4 Qf6 42. Rxg8+ 1-0

[Event "Torneo Zonal FIDE 2.5 Masculino 2011"]
[Site "Asuncion PAR"]
[Date "2011.05.22"]
[Round "7.10"]
[White "Lujan, Carolina"]
[Black "Roman, Rodrigo"]
[Result "1-0"]
[WhiteElo "2353"]
[BlackElo "1986"]
[PlyCount "107"]
[EventDate "2011.05.16"]
[EventType "swiss"]
[EventRounds "9"]
[EventCountry "PAR"]
[Source "lmi"]
[SourceDate "2011.05.16"]

1. e4 e6 2. Qe2 c5 3. Nf3 Nc6 4. g3 g6 5. Bg2 Bg7 6. c3 Nge7 7. O-O d6 8. h4 h5
9. Na3 O-O 10. Nc2 e5 11. a3 Na5 12. b4 Nb3 13. Rb1 Nxc1 14. Rfxc1 b6 15. Ne3
a5 16. b5 Ra7 17. Ng5 Bh6 18. Rf1 Kg7 19. f4 f6 20. Nc4 Ng8 21. Nh3 Ne7 22. Rf2
Bg4 23. Qd3 d5 24. fxe5 dxc4 25. Qxd8 Rxd8 26. exf6+ Kg8 27. fxe7 Rxe7 28. Nf4
Bxf4 29. gxf4 Red7 30. Bf1 Rxd2 31. Bxc4+ Kg7 32. Bd5 Rd3 33. Rc1 Rg3+ 34. Kh2
Rh3+ 35. Kg2 Rxh4 36. Rh1 Rxh1 37. Kxh1 Kf6 38. Kg2 Be6 39. c4 Re8 40. Kf3 g5
41. e5+ Ke7 42. fxg5 Rg8 43. Kf4 Rf8+ 44. Ke3 Rg8 45. Rf6 Bxd5 46. cxd5 Rxg5
47. Kf4 Rg1 48. d6+ Kd7 49. Rf7+ Ke8 50. Re7+ Kd8 51. e6 Rf1+ 52. Ke5 Re1+ 53.
Kd5 Rd1+ 54. Kc6 1-0

[Event "Torneo Zonal FIDE 2.5 Masculino 2011"]
[Site "Asuncion PAR"]
[Date "2011.05.22"]
[Round "7.11"]
[White "Mesias Rojas, Rabindranath"]
[Black "Latorre, Manuel"]
[Result "1/2-1/2"]
[WhiteElo "2205"]
[BlackElo "2312"]
[PlyCount "93"]
[EventDate "2011.05.16"]
[EventType "swiss"]
[EventRounds "9"]
[EventCountry "PAR"]
[Source "lmi"]
[SourceDate "2011.05.16"]

1. d4 e6 2. c4 Nf6 3. Nc3 c5 4. d5 exd5 5. cxd5 d6 6. h3 a6 7. a4 Qe7 8. Nf3 g6
9. Bf4 Bg7 10. e3 O-O 11. Be2 Ne8 12. O-O f5 13. a5 Nd7 14. Na4 Ne5 15. Rb1
Nxf3+ 16. Bxf3 g5 17. Bh2 Be5 18. Bxe5 Qxe5 19. Nb6 Rb8 20. b4 cxb4 21. Rxb4
Nf6 22. Qa1 Qe7 23. Rc1 h5 24. Rbc4 Bd7 25. Rc7 g4 26. hxg4 fxg4 27. Nxd7 Nxd7
28. Qa4 Rf7 29. Be4 Rbf8 30. Bg6 Rg7 31. Qe4 Qxe4 32. Bxe4 Nc5 33. R1xc5 dxc5
34. Rxc5 Kf7 35. f3 Ke7 36. Kf2 Kd6 37. Rc1 Re7 38. Ke2 Rc7 39. Rh1 gxf3+ 40.
Bxf3 Rc5 41. Rxh5 Rxa5 42. e4 Ra2+ 43. Ke3 Ra3+ 44. Kd4 Ra4+ 45. Ke3 Ra3+ 46.
Kd4 Ra4+ 47. Ke3 1/2-1/2

[Event "Torneo Zonal FIDE 2.5 Masculino 2011"]
[Site "Asuncion PAR"]
[Date "2011.05.22"]
[Round "7.13"]
[White "Goiriz, Y Damian"]
[Black "Jimenez, Joaquin"]
[Result "0-1"]
[WhiteElo "2093"]
[BlackElo "2224"]
[PlyCount "78"]
[EventDate "2011.05.16"]
[EventType "swiss"]
[EventRounds "9"]
[EventCountry "PAR"]
[Source "lmi"]
[SourceDate "2011.05.16"]

1. e4 e5 2. Nf3 Nc6 3. Nc3 Nf6 4. d4 Bb4 5. Nxe5 Qe7 6. Nxc6 Qxe4+ 7. Qe2 dxc6
8. Bd2 Qxe2+ 9. Bxe2 Bf5 10. O-O-O O-O-O 11. Bg5 Rd6 12. Bf3 Rhd8 13. Ne2 h6
14. Be3 R6d7 15. h3 Nd5 16. c4 Nxe3 17. fxe3 Be7 18. e4 Bg5+ 19. Kc2 Bg6 20. b4
Kb8 21. Kc3 Re8 22. Ng3 a5 23. bxa5 Rde7 24. Nf5 Bxf5 25. exf5 Re3+ 26. Rd3
Rxd3+ 27. Kxd3 Re3+ 28. Kc2 Bf6 29. a6 Bxd4 30. axb7 Rc3+ 31. Kd2 Kxb7 32. Rb1+
Ka6 33. Bxc6 Ra3 34. Rb8 Ba7 35. Rg8 Rxa2+ 36. Kd3 Ra3+ 37. Ke4 Rg3 38. Kf4 Bf2
39. Bf3 Rg5 0-1